| 000 | 00842nam a2200265 i 4500 | ||
|---|---|---|---|
| 001 | bg | ||
| 100 | 1 | _aKSIĄŻYŃSKI, Krzysztof W. | |
| 245 | 1 | 0 |
_aTablice do obliczeń hydraulicznych : _bpomoc dydaktyczna / _cKrzysztof W. Książyński, Piotr Jeż, Zofia Gręplowska ; Politechnika Krakowska im. Tadeusza Kościuszki. |
| 250 | _aWyd. 3 popr. | ||
| 260 |
_aKraków : _bWydaw. PK, _c2002. |
||
| 300 |
_a67 s., [1] k. tabl. złoż. : _bil. ; _c24 cm. |
||
| 504 | _aBibliogr. | ||
| 650 | 9 | _aHydraulika | |
| 655 | _aTablice i wzory | ||
| 700 | 1 | _aJEŻ, Piotr | |
| 700 | 1 | _aGRĘPLOWSKA, Zofia | |
| 710 | 0 | _aPolitechnika Krakowska im. Tadeusza Kościuszki | |
| 020 | _a8372422206 | ||
| 040 | _cBPK | ||
| 041 | 0 | _apol | |
| 080 | _a532.5(083) | ||
| 920 | _a83-7242-220-6 | ||
| 942 | _cKS | ||
| 008 | s pl f |000 0 pol | ||
| 999 |
_c42679 _d42679 |
||
| 856 |
_uhttp://koha.tu.koszalin.pl/cgi-bin/koha/opac-detail.pl?biblionumber=42679 _yKatalog online BPK |
||